El teatro de humor en España / (Record no. 128847)

MARC details
000 -LEADER
campo de control de longitud fija 00867nam a2200217 i 4500
001 - NÚMERO DE CONTROL
campo de control 128847
003 - IDENTIFICADOR DE NÚMERO DE CONTROL
campo de control ES-MaACL
005 - FECHA Y HORA DE LA ÚLTIMA TRANSACCIÓN
campo de control 20231205205046.0
007 - CAMPO FIJO DE DESCRIPCIÓN FÍSICA--INFORMACIÓN GENERAL
campo de control de longitud fija t|
008 - DATOS DE LONGITUD FIJA--INFORMACIÓN GENERAL
campo de control de longitud fija 070529s1966 sp ||||1| spa d
080 ## - NÚMERO DE LA CLASIFICACIÓN DECIMAL UNIVERSAL
Número de la Clasificación Decimal Universal 86-22.09"19"(04)
245 03 - MENCIÓN DEL TÍTULO
Título El teatro de humor en España /
Mención de responsabilidad, etc. por J. Rof Carballo, N. González Ruiz, A. Prego.. [et al.].
260 ## - PUBLICACIÓN, DISTRIBUCIÓN, ETC.
Lugar de publicación, distribución, etc. Madrid :
Nombre del editor, distribuidor, etc. Ed. Nacional,
Fecha de publicación, distribución, etc. 1966.
300 ## - DESCRIPCIÓN FÍSICA
Extensión 286 p., 3 h. ;
Dimensiones 25 cm.
500 ## - NOTA GENERAL
Nota general Los textos corresponden a conferencias leídas en el Ateneo de Madrid dentro del ciclo "Teatro español contemporáneo de humor" de febrero a junio de 1964.
610 24 - PUNTO DE ACCESO ADICIONAL DE MATERIA--NOMBRE DE ENTIDAD CORPORATIVA
Nombre de entidad corporativa o nombre de jurisdicción como elemento de entrada Ateneo de Madrid-
Subdivisión de forma Conferencias-
Subdivisión cronológica 1940-1982.
9 (RLIN) 1908
650 #4 - PUNTO DE ACCESO ADICIONAL DE MATERIA--TÉRMINO DE MATERIA
Término de materia o nombre geográfico como elemento de entrada Comedia española-
Subdivisión cronológica S.XX-
Subdivisión general Historia y crítica.
9 (RLIN) 161891
700 1# - ENTRADA AGREGADA--NOMBRE PERSONAL
Nombre de persona Rof Carballo, Juan,
Fechas asociadas al nombre 1905-1994
9 (RLIN) 98915
852 ## - LOCALIZACIÓN
Ubicación ES-MaACL
Número de control de estantería G-5105
Sublocalización o colección R.60327
Holdings
Estatus retirado Estado de pérdida Estado de daño No para préstamo Colección Biblioteca de origen Biblioteca actual Ubicación en estantería Fecha de adquisición Fuente de adquisición Total de préstamos Signatura topográfica completa Código de barras Visto por última vez Precio de reemplazo Tipo de ítem Koha
        Fondo Ateneo de Madrid Biblioteca del Ateneo de Madrid Biblioteca del Ateneo de Madrid Depósito 2 17/01/2008     G-5105 1134181 23/02/2023 23/02/2023 Libro impreso